000 00726nam a2200217Ia 4500
003 GCL
008 140319s9999 xx 000 0 ara d
040 _aGCL /
_cGCL
082 0 4 _a658.83
_bع ك
100 1 _aعماد الحداد
245 1 0 _aكيف تجرى بحثا تسويقيا للمنتج الجديد ؟ /
_cعماد الحداد
260 _aالقاهرة :
_bدار الفاروق للنشر والتوزيع ،
_c2004
300 _a88 ص ؛
_c24 سم
490 _aكويك نوتس
_v0
650 0 4 _aادارة الاعمال
650 0 4 _aالتسويق
650 0 4 _aالعرض والطلب
650 0 4 _aالباعة وفن البيع
650 0 4 _aالتسويق - البحوث
942 _2ddc
_cBK
999 _c7212
_d7212